[Event "Titled Tuesday intern op 18th Jul Early"]
[Site "Chess.com INT"]
[Date "2023.07.18"]
[Round "3"]
[White "Wynn, Zaw Htung"]
[Black "Holtel, Jasper"]
[Result "1-0"]
[WhiteElo "2416"]
[BlackElo "2353"]
[PlyCount "71"]
[EventDate "2023.07.18"]
[EventType "swiss (blitz)"]
[EventRounds "11"]
[EventCountry "USA"]
[SourceTitle "EXT 2024"]
[Source "ChessBase"]
[SourceDate "2023.10.10"]
[SourceVersion "1"]
[SourceVersionDate "2023.10.10"]
[SourceQuality "1"]

1. Nf3 Nf6 2. g3 g6 3. Bg2 Bg7 4. 0-0 0-0 5. d3 d6 6. e4 c5 7. Re1 Nc6 8. c3 Rb8 9. d4 cxd4 10. cxd4 Bg4 11. h3 Bxf3 12. Bxf3 e5 13. d5 Nd4 14. Bg2 Nd7 15. Nc3 b5 16. Be3 b4 17. Ne2 Qb6 18. Qd2 Rbc8 19. Rec1 a5 20. h4 a4 21. Kh1 Nc5 22. Nxd4 exd4 23. Bxd4 Rc7 24. Bxg7 Kxg7 25. Qd4+ Kg8 26. Rc4 b3 27. axb3 Qxb3 28. Ra3 Qb7 29. Qc3 Rfc8 30. h5 Nd7 31. h6 Ne5 32. Rxc7 Rxc7 33. Qd4 Rc1+ 34. Kh2 Qe7 35. Rxa4 Qg5 36. Ra8+ 1-0

[Event "Hanoi IM-B"]
[Site "Hanoi"]
[Date "2023.06.03"]
[Round "9"]
[White "Wynn, Zaw Htung"]
[Black "Chernyavsky, Alexander"]
[Result "1-0"]
[WhiteElo "2423"]
[BlackElo "2339"]
[PlyCount "65"]
[EventDate "2023.05.30"]
[EventType "tourn"]
[EventRounds "9"]
[EventCountry "VIE"]
[SourceTitle "EXT 2024"]
[Source "ChessBase"]
[SourceDate "2023.10.10"]
[SourceVersion "1"]
[SourceVersionDate "2023.10.10"]
[SourceQuality "1"]

1. Nf3 c5 2. e4 g6 3. g3 Bg7 4. Bg2 Nc6 5. 0-0 d6 6. c3 e5 7. d3 f5 8. exf5 gxf5 9. Nh4 Nf6 10. f4 e4 11. dxe4 fxe4 12. f5 Ne7 13. Bh3 d5 14. Na3 Bd7 15. Be3 b6 16. Qe2 0-0 17. Rad1 h5 18. Bg5 Qe8 19. c4 Nc6 20. Nb5 d4 21. Nc7 d3 22. Qd2 Qe5 23. Nxa8 Rxa8 24. Bh6 Ng4 25. Bxg7 Qxg7 26. f6 Qf7 27. Nf5 Nce5 28. Bxg4 Nxg4 29. h3 Bxf5 30. Rxf5 e3 31. Qxd3 Nf2 32. Rg5+ Kh8 33. Qf5 1-0

[Event "Hanoi IM-B"]
[Site "Hanoi"]
[Date "2023.06.02"]
[Round "8"]
[White "Hemant, Sharma"]
[Black "Wynn, Zaw Htung"]
[Result "1/2-1/2"]
[WhiteElo "2374"]
[BlackElo "2423"]
[PlyCount "38"]
[EventDate "2023.05.30"]
[EventType "tourn"]
[EventRounds "9"]
[EventCountry "VIE"]
[SourceTitle "EXT 2024"]
[Source "ChessBase"]
[SourceDate "2023.10.10"]
[SourceVersion "1"]
[SourceVersionDate "2023.10.10"]
[SourceQuality "1"]

1. e4 c5 2. Nc3 d6 3. g3 Nc6 4. Bg2 g6 5. d3 Bg7 6. Nge2 e5 7. 0-0 Nge7 8. Be3 Nd4 9. Qd2 0-0 10. Nd1 Nxe2+ 11. Qxe2 Be6 12. f4 Qc7 13. Nf2 f5 14. a3 Rae8 15. Rae1 b6 16. Kh1 Kh8 17. Qd1 Qd7 18. c3 a5 19. b4 axb4 1/2-1/2

[Event "Hanoi IM"]
[Site "Hanoi"]
[Date "2023.05.22"]
[Round "2"]
[White "Hemant, Sharma"]
[Black "Wynn, Zaw Htung"]
[Result "0-1"]
[WhiteElo "2374"]
[BlackElo "2423"]
[PlyCount "116"]
[EventDate "2023.05.22"]
[EventType "tourn"]
[EventRounds "9"]
[EventCountry "VIE"]
[EventCategory "2"]
[SourceTitle "CBM 214 Extra"]
[Source "ChessBase"]
[SourceDate "2023.07.31"]
[SourceVersion "1"]
[SourceVersionDate "2023.07.31"]
[SourceQuality "1"]

1. g3 g6 2. Bg2 Bg7 3. e4 d6 4. d3 c5 5. Be3 Nc6 6. Nc3 Nf6 7. h3 0-0 8. Nge2 Bd7 9. Qd2 Rb8 10. Bh6 b5 11. Bxg7 Kxg7 12. Nd1 Qa5 13. Qxa5 Nxa5 14. Ne3 Nc6 15. Kd2 Nd4 16. Nc1 Rfc8 17. a3 a5 18. c3 Nc6 19. b3 b4 20. axb4 axb4 21. c4 Nd4 22. Nc2 Nxc2 23. Kxc2 Bc6 24. Ra6 e5 25. Ne2 Ra8 26. Rha1 Rxa6 27. Rxa6 Rc7 28. Kd2 Ne8 29. f4 Kf8 30. Ke3 Ke7 31. Ng1 Ng7 32. Nf3 f6 33. fxe5 dxe5 34. h4 Bd7 35. Ng1 Ne6 36. Ne2 Nd8 37. Ra8 h5 38. Bf3 Nc6 39. Kf2 Rc8 40. Rxc8 Bxc8 41. Ke3 Kf7 42. Kf2 Kg7 43. Kg1 Kh6 44. Kf2 Bd7 45. Kg1 g5 46. Kf2 Ne7 47. Nc1 Be6 48. Bh1 Bc8 49. Bf3 Bb7 50. Bg2 Kg6 51. Bh1 g4 52. Bg2 Kf7 53. Ke3 Ke6 54. Ne2 Kd6 55. Kf2 Bc6 56. Ke3 Ke6 57. Nc1 f5 58. Ne2 Kf6 0-1

[Event "Hanoi 07"]
[Site "Hanoi"]
[Date "2022.07.28"]
[Round "5"]
[White "Luong, Phuong Hanh"]
[Black "Wynn, Zaw Htung"]
[Result "1/2-1/2"]
[WhiteElo "2113"]
[BlackElo "2480"]
[PlyCount "40"]
[EventDate "2022.07.26"]
[EventType "tourn"]
[EventRounds "9"]
[EventCountry "VIE"]
[SourceTitle "EXT 2023"]
[Source "ChessBase"]
[SourceDate "2022.10.05"]
[SourceVersion "1"]
[SourceVersionDate "2022.10.05"]
[SourceQuality "1"]

1. d4 Nf6 2. Nf3 e6 3. e3 d5 4. Bd3 c5 5. b3 Nc6 6. 0-0 Be7 7. Bb2 0-0 8. a3 b6 9. Nbd2 Bb7 10. Qe2 Qc7 11. Rac1 Rac8 12. c4 dxc4 13. Nxc4 cxd4 14. Nce5 dxe3 15. fxe3 Qb8 16. Rxc6 Bxc6 17. Ng5 h6 18. Nxc6 Rxc6 19. Qf3 Rfc8 20. Ne4 e5 1/2-1/2

[Event "Hanoi 07"]
[Site "Hanoi"]
[Date "2022.07.28"]
[Round "6"]
[White "Wynn, Zaw Htung"]
[Black "Dao, Minh Nhat"]
[Result "1-0"]
[WhiteElo "2480"]
[BlackElo "2269"]
[PlyCount "87"]
[EventDate "2022.07.26"]
[EventType "tourn"]
[EventRounds "9"]
[EventCountry "VIE"]
[SourceTitle "EXT 2023"]
[Source "ChessBase"]
[SourceDate "2022.10.05"]
[SourceVersion "1"]
[SourceVersionDate "2022.10.05"]
[SourceQuality "1"]

1. d4 Nf6 2. Nf3 d5 3. c4 g6 4. cxd5 Bg7 5. Qa4+ c6 6. dxc6 Nxc6 7. e3 0-0 8. Nc3 Bg4 9. Be2 a6 10. Ne5 Nxe5 11. dxe5 Bd7 12. Qb4 Ne8 13. f4 Bc6 14. 0-0 f6 15. Rd1 Qc7 16. exf6 Nxf6 17. e4 e5 18. f5 gxf5 19. exf5 Kh8 20. Be3 Rg8 21. Qh4 b5 22. a3 Raf8 23. Bf1 Qb7 24. Rd2 Ne4 25. Nxe4 Bxe4 26. Rad1 Bxf5 27. Rd6 Qf7 28. Bc5 Bf6 29. Qe1 Bg4 30. R1d2 Be7 31. Qxe5+ Rg7 32. Rf2 Qg8 33. Rxa6 Bxc5 34. Qxc5 Rc8 35. Qd4 Rc1 36. Ra7 Be6 37. Qf6 Bc4 38. Rc7 Rd1 39. h4 Bxf1 40. Rxf1 Rd2 41. Rf2 Rd1+ 42. Kh2 b4 43. axb4 Rd5 44. Rfc2 1-0

[Event "Hanoi 07"]
[Site "Hanoi"]
[Date "2022.07.27"]
[Round "4"]
[White "Wynn, Zaw Htung"]
[Black "Nguyen, Van Huy"]
[Result "1/2-1/2"]
[WhiteElo "2480"]
[BlackElo "2353"]
[PlyCount "28"]
[EventDate "2022.07.26"]
[EventType "tourn"]
[EventRounds "9"]
[EventCountry "VIE"]
[SourceTitle "EXT 2023"]
[Source "ChessBase"]
[SourceDate "2022.10.05"]
[SourceVersion "1"]
[SourceVersionDate "2022.10.05"]
[SourceQuality "1"]

1. d4 Nf6 2. Nf3 d5 3. c4 e6 4. g3 Bb4+ 5. Bd2 Be7 6. Bg2 0-0 7. 0-0 c6 8. Qc2 b6 9. cxd5 cxd5 10. Bf4 Bb7 11. Ne5 Nfd7 12. Nf3 Nf6 13. Ne5 Nfd7 14. Nf3 Nf6 1/2-1/2

[Event "Hanoi 07"]
[Site "Hanoi"]
[Date "2022.07.26"]
[Round "1"]
[White "Tran, Ngoc Lan"]
[Black "Wynn, Zaw Htung"]
[Result "1-0"]
[WhiteElo "2135"]
[BlackElo "2480"]
[PlyCount "105"]
[EventDate "2022.07.26"]
[EventType "tourn"]
[EventRounds "9"]
[EventCountry "VIE"]
[SourceTitle "EXT 2023"]
[Source "ChessBase"]
[SourceDate "2022.10.05"]
[SourceVersion "1"]
[SourceVersionDate "2022.10.05"]
[SourceQuality "1"]

1. d4 Nf6 2. Bg5 d5 3. Bxf6 exf6 4. e3 c5 5. Nf3 Nc6 6. c3 Be6 7. Nbd2 Be7 8. dxc5 Bxc5 9. Nb3 Bb6 10. Nfd4 0-0 11. Be2 Qd6 12. 0-0 Rad8 13. Qd2 Bc8 14. Rfd1 Ne5 15. Qc2 g6 16. a4 a6 17. Nd2 Rfe8 18. Qb3 Bc7 19. Nf1 Qc5 20. Qa3 Qa7 21. b4 Bd6 22. Qb3 Qb6 23. a5 Qc7 24. b5 Nc4 25. bxa6 bxa6 26. Bxc4 dxc4 27. Qb6 Bb7 28. Rdb1 Rb8 29. Qxc7 Bxc7 30. Nd2 Bd5 31. Rxb8 Rxb8 32. e4 Rb2 33. Rd1 Be6 34. g3 Bg4 35. Nxc4 Ra2 36. f3 Bh3 37. Rb1 h5 38. Ne3 h4 39. Nd5 Be5 40. f4 Bxd4+ 41. cxd4 Rg2+ 42. Kh1 Kg7 43. Nc7 Ra2 44. Ne8+ Kf8 45. Nxf6 Ke7 46. e5 Bg2+ 47. Kg1 h3 48. d5 Bf3 49. d6+ Ke6 50. d7 Rg2+ 51. Kf1 Rd2 52. Rb6+ Ke7 53. Rb8 1-0

[Event "SEA Blitz Team 31st"]
[Site "Ha Long"]
[Date "2022.05.21"]
[Round "3"]
[White "Lim, Zhuo Ren"]
[Black "Wynn, Zaw Htung"]
[Result "1-0"]
[WhiteElo "2290"]
[BlackElo "2508"]
[PlyCount "96"]
[EventDate "2022.05.21"]
[EventType "team-tourn (blitz)"]
[EventRounds "5"]
[EventCountry "VIE"]
[SourceTitle "CBM 208 Extra"]
[Source "ChessBase"]
[SourceDate "2022.07.31"]
[SourceVersion "1"]
[SourceVersionDate "2022.07.31"]
[SourceQuality "1"]
[WhiteTeam "Malaysia"]
[BlackTeam "Myanmar"]
[WhiteTeamCountry "MAS"]
[BlackTeamCountry "MYA"]

1. d4 Nf6 2. c4 e6 3. Nf3 d5 4. g3 Be7 5. Bg2 0-0 6. 0-0 dxc4 7. Qc2 a6 8. a4 Bd7 9. Qxc4 Bc6 10. Bf4 Bd6 11. Nc3 Bxf4 12. gxf4 a5 13. e3 Na6 14. Rac1 Nb4 15. Ne5 Bxg2 16. Kxg2 c6 17. h3 Qd6 18. Rfd1 Rfd8 19. Qe2 Nbd5 20. Nd3 Nxc3 21. bxc3 Qd5+ 22. Qf3 Qc4 23. Nb2 Qb3 24. Qe2 b5 25. Qc2 Qd5+ 26. f3 Rdb8 27. c4 bxc4 28. Nxc4 Rb4 29. Ne5 Rab8 30. Nxc6 Rb2 31. Ne7+ Kf8 32. Nxd5 Nxd5 33. Kf2 R8b3 34. Rd2 Rxc2 35. Rdxc2 Nxe3 36. Rc8+ Ke7 37. R1c7+ Kf6 38. Rf8 Nf5 39. Rfxf7+ Kg6 40. Rb7 Ra3 41. Rfd7 Ra2+ 42. Ke1 Rxa4 43. d5 exd5 44. Rb6+ Kh5 45. Rxd5 Rxf4 46. Kf2 a4 47. Ra6 g6 48. Rda5 Rh4 1-0

[Event "SEA Blitz 31st"]
[Site "Ha Long"]
[Date "2022.05.20"]
[Round "3.4"]
[White "Wynn, Zaw Htung"]
[Black "Myint, Han"]
[Result "1-0"]
[WhiteElo "2508"]
[BlackElo "2319"]
[PlyCount "85"]
[EventDate "2022.05.20"]
[EventType "swiss (blitz)"]
[EventRounds "5"]
[EventCountry "VIE"]
[SourceTitle "CBM 208 Extra"]
[Source "ChessBase"]
[SourceDate "2022.07.31"]
[SourceVersion "1"]
[SourceVersionDate "2022.07.31"]
[SourceQuality "1"]

1. Nf3 Nf6 2. b3 g6 3. Bb2 Bg7 4. d4 d6 5. e3 0-0 6. Be2 a5 7. a3 Nbd7 8. 0-0 c6 9. c4 Qc7 10. Nc3 Re8 11. Rc1 e5 12. Qc2 h6 13. Rfd1 exd4 14. Nxd4 Nc5 15. h3 Bd7 16. Bf3 Rad8 17. Rd2 Bc8 18. Rcd1 Ncd7 19. Ncb5 cxb5 20. Nxb5 Qb8 21. Nxd6 Ne5 22. Nxe8 Rxe8 23. Bxe5 Qxe5 24. Rd8 Kh7 25. Rxe8 Qxe8 26. Qd2 a4 27. b4 Be6 28. Qc2 Qc8 29. Rc1 Bd7 30. b5 Qa8 31. Bd1 Qa5 32. Qxa4 Qe1+ 33. Kh2 Qxf2 34. Bf3 Ng4+ 35. Bxg4 Bxg4 36. hxg4 Be5+ 37. Kh1 Qh4+ 38. Kg1 Qh2+ 39. Kf2 Bg3+ 40. Kf3 Bd6 41. c5 Qg3+ 42. Ke2 Qxg2+ 43. Kd3 1-0

[Event "SEA Blitz 31st"]
[Site "Ha Long"]
[Date "2022.05.20"]
[Round "1.3"]
[White "Wynn, Zaw Htung"]
[Black "Quizon, Daniel"]
[Result "0-1"]
[WhiteElo "2508"]
[BlackElo "2384"]
[PlyCount "68"]
[EventDate "2022.05.20"]
[EventType "swiss (blitz)"]
[EventRounds "5"]
[EventCountry "VIE"]
[SourceTitle "CBM 208 Extra"]
[Source "ChessBase"]
[SourceDate "2022.07.31"]
[SourceVersion "1"]
[SourceVersionDate "2022.07.31"]
[SourceQuality "1"]

1. Nf3 Nf6 2. b3 g6 3. Bb2 Bg7 4. d4 0-0 5. e3 d6 6. c4 c5 7. Be2 Nc6 8. 0-0 Ne4 9. Nc3 Bf5 10. Nxe4 Bxe4 11. Qd2 e5 12. dxc5 dxc5 13. Rfd1 Qb6 14. Qc3 a5 15. Nd2 Bf5 16. Bf3 a4 17. Bd5 a3 18. e4 axb2 19. Qxb2 Be6 20. Nf3 Nd4 21. Ng5 Bxd5 22. exd5 h6 23. Ne4 f5 24. Nc3 e4 25. Qd2 Qa5 26. Rac1 Rae8 27. Kf1 Qc7 28. Kg1 f4 29. Re1 e3 30. fxe3 fxe3 31. Rxe3 Nxb3 32. axb3 Rxe3 33. d6 Qf7 34. d7 Bd4 0-1

[Event "Online Olym Base A"]
[Site "Chess.com INT"]
[Date "2020.07.25"]
[Round "1.1"]
[White "Hj, Azahari Md Aliuddin"]
[Black "Wynn, Zaw Htung"]
[Result "0-1"]
[WhiteElo "1960"]
[BlackElo "2508"]
[PlyCount "60"]
[EventDate "2020.07.25"]
[EventType "team-tourn (rapid)"]
[EventRounds "9"]
[EventCountry "USA"]
[SourceTitle "CBM 198"]
[Source "ChessBase"]
[SourceDate "2020.10.31"]
[SourceVersion "1"]
[SourceVersionDate "2020.10.31"]
[SourceQuality "1"]
[WhiteTeam "Brunei"]
[BlackTeam "Myanmar"]
[WhiteTeamCountry "BRN"]
[BlackTeamCountry "MYA"]

1. e4 c5 2. Nf3 d6 3. Bb5+ Bd7 4. Bxd7+ Qxd7 5. 0-0 Nf6 6. Re1 Nc6 7. c4 g6 8. Nc3 Bg7 9. d4 cxd4 10. Nxd4 Nxd4 11. Qxd4 0-0 12. Bg5 Rfc8 13. b3 Nd5 14. Qxd5 Bxc3 15. Rad1 Bxe1 16. Rxe1 Rc5 17. Qd2 Qe6 18. f3 a6 19. Be3 Rc6 20. Bd4 f6 21. Qb4 Qd7 22. a4 a5 23. Qd2 Qe6 24. Qh6 Rcc8 25. f4 b5 26. f5 gxf5 27. Re3 f4 28. Qxf4 bxc4 29. Rg3+ Kh8 30. Qh6 Rg8 0-1

[Event "Online Olym Base A"]
[Site "Chess.com INT"]
[Date "2020.07.25"]
[Round "2.1"]
[White "Wynn, Zaw Htung"]
[Black "Iung, Man Hou"]
[Result "1-0"]
[WhiteElo "2508"]
[BlackElo "1199"]
[PlyCount "75"]
[EventDate "2020.07.25"]
[EventType "team-tourn (rapid)"]
[EventRounds "9"]
[EventCountry "USA"]
[SourceTitle "CBM 198"]
[Source "ChessBase"]
[SourceDate "2020.10.31"]
[SourceVersion "1"]
[SourceVersionDate "2020.10.31"]
[SourceQuality "1"]
[WhiteTeam "Myanmar"]
[BlackTeam "Macau"]
[WhiteTeamCountry "MYA"]
[BlackTeamCountry "MAC"]

1. Nf3 d5 2. g3 c5 3. Bg2 Nf6 4. 0-0 e6 5. d3 Bd6 6. Nbd2 Nc6 7. e4 0-0 8. Re1 Ne5 9. Nxe5 Bxe5 10. exd5 Bc7 11. dxe6 Bxe6 12. Bxb7 Rb8 13. Bf3 Bd5 14. Bxd5 Qxd5 15. Qf3 Rfe8 16. Rxe8+ Rxe8 17. Qxd5 Nxd5 18. c3 f5 19. Kf1 g5 20. Nb3 Bb6 21. Bxg5 Kf7 22. Re1 Re6 23. Rxe6 Kxe6 24. Ke2 Ke5 25. a4 Kd6 26. a5 Bc7 27. c4 Nb4 28. Bf4+ Kd7 29. Bxc7 Kxc7 30. Nxc5 Kc6 31. Nb3 Kb7 32. d4 Kc7 33. Ke3 Nc6 34. Kf4 Ne7 35. Ke5 Kd7 36. d5 Kc7 37. d6+ Kd7 38. dxe7 1-0

[Event "Olympiad-43"]
[Site "Batumi"]
[Date "2018.09.26"]
[Round "3.52"]
[White "Wynn, Zaw Htung"]
[Black "Johnson, Joshua"]
[Result "1-0"]
[WhiteElo "2473"]
[BlackElo "2261"]
[PlyCount "57"]
[EventDate "2018.09.24"]
[EventType "team-swiss"]
[EventRounds "11"]
[EventCountry "GEO"]
[SourceTitle "CBM 187"]
[Source "ChessBase"]
[SourceDate "2018.12.11"]
[SourceVersion "1"]
[SourceVersionDate "2018.12.11"]
[SourceQuality "1"]
[WhiteTeam "Myanmar"]
[BlackTeam "Trinidad and Tobago"]
[WhiteTeamCountry "MYA"]
[BlackTeamCountry "TRI"]

1. Nf3 Nf6 2. g3 g6 3. Bg2 Bg7 4. d3 c5 5. e4 Nc6 6. 0-0 0-0 7. Re1 d6 8. c3 e5 9. a3 a5 10. a4 h6 11. h3 Be6 12. Be3 b6 13. d4 cxd4 14. cxd4 d5 15. Nxe5 Nxe5 16. dxe5 Nxe4 17. Bd4 Qb8 18. Nc3 Bxe5 19. Nxe4 dxe4 20. Rxe4 Bxd4 21. Qxd4 Ra7 22. Qf6 Bd5 23. Rh4 Qd8 24. Qe5 Bxg2 25. Rxh6 f6 26. Rxg6+ Kf7 27. Qh5 Rh8 28. Rh6+ Kg7 29. Qg6+ 1-0

[Event "Olympiad-43"]
[Site "Batumi"]
[Date "2018.09.24"]
[Round "1.73"]
[White "Karelina, Polina"]
[Black "Wynn, Zaw Htung"]
[Result "0-1"]
[WhiteElo "1631"]
[BlackElo "2473"]
[PlyCount "54"]
[EventDate "2018.09.24"]
[EventType "team-swiss"]
[EventRounds "11"]
[EventCountry "GEO"]
[SourceTitle "CBM 187"]
[Source "ChessBase"]
[SourceDate "2018.12.11"]
[SourceVersion "1"]
[SourceVersionDate "2018.12.11"]
[SourceQuality "1"]
[WhiteTeam "Bahamas"]
[BlackTeam "Myanmar"]
[WhiteTeamCountry "BAH"]
[BlackTeamCountry "MYA"]

1. e4 c5 2. Nc3 d6 3. f4 g6 4. Nf3 Bg7 5. Bc4 Nc6 6. d3 e6 7. 0-0 Nf6 8. Qe1 0-0 9. a3 d5 10. Ba2 Nd4 11. Nxd4 cxd4 12. Nd1 dxe4 13. dxe4 b5 14. Bd2 Bb7 15. Nf2 Qb6 16. Kh1 Qc6 17. c3 Nxe4 18. Nxe4 Qxe4 19. Qxe4 Bxe4 20. Rfe1 Bb7 21. cxd4 Bxd4 22. Rab1 Rfd8 23. Ba5 Bb6 24. Bxb6 axb6 25. Re2 b4 26. h3 Rd3 27. Kh2 b3 0-1

[Event "Puchong FF03 IM"]
[Site "Puchong"]
[Date "2018.03.06"]
[Round "7"]
[White "Nguyen, Van Huy"]
[Black "Wynn, Zaw Htung"]
[Result "1/2-1/2"]
[WhiteElo "2454"]
[BlackElo "2443"]
[PlyCount "47"]
[EventDate "2018.03.03"]
[EventType "tourn"]
[EventRounds "9"]
[EventCountry "MAS"]
[EventCategory "1"]
[SourceTitle "CBM 183 Extra"]
[Source "ChessBase"]
[SourceDate "2018.04.19"]
[SourceVersion "1"]
[SourceVersionDate "2018.04.19"]
[SourceQuality "1"]

1. d4 Nf6 2. Nf3 e6 3. c4 Bb4+ 4. Nbd2 b6 5. g3 Bb7 6. Bg2 0-0 7. 0-0 d5 8. cxd5 exd5 9. Ne5 c6 10. Ndf3 Bd6 11. Bf4 Qe7 12. Rc1 Nfd7 13. Qc2 Nxe5 14. dxe5 Bc7 15. e4 dxe4 16. Qxe4 Nd7 17. Ng5 g6 18. e6 Bxf4 19. Qxf4 fxe6 20. Qc7 Ba6 21. Rfe1 Rac8 22. Qxa7 Ra8 23. Qc7 Rac8 24. Qa7 1/2-1/2

[Event "Puchong FF03 IM"]
[Site "Puchong"]
[Date "2018.03.05"]
[Round "5"]
[White "Mitali, Madhukar Patil"]
[Black "Wynn, Zaw Htung"]
[Result "0-1"]
[WhiteElo "2051"]
[BlackElo "2443"]
[PlyCount "128"]
[EventDate "2018.03.03"]
[EventType "tourn"]
[EventRounds "9"]
[EventCountry "MAS"]
[EventCategory "1"]
[SourceTitle "CBM 183 Extra"]
[Source "ChessBase"]
[SourceDate "2018.04.19"]
[SourceVersion "1"]
[SourceVersionDate "2018.04.19"]
[SourceQuality "1"]

1. e4 c5 2. c3 Nf6 3. e5 Nd5 4. d4 cxd4 5. Nf3 d6 6. cxd4 e6 7. Bc4 Nc6 8. 0-0 Be7 9. Qe2 0-0 10. Qe4 Bd7 11. Bd3 f5 12. exf6 Nxf6 13. Qe2 Qb6 14. Be3 Nd5 15. Nc3 Nxe3 16. fxe3 Nb4 17. Bc4 d5 18. Bb3 Bf6 19. Rad1 a5 20. a3 a4 21. Bc2 Nxc2 22. Qxc2 Rac8 23. Qd2 Rc4 24. Rf2 Rcc8 25. Na2 Be7 26. Ne5 Bb5 27. Nc3 Rxf2 28. Qxf2 Rf8 29. Qc2 Bg5 30. Qd2 Be8 31. Rf1 Rxf1+ 32. Kxf1 h5 33. g3 Qb3 34. Kf2 Be7 35. Nd3 Bd6 36. Nf4 Bf7 37. Nd3 Qc4 38. Ne2 g5 39. Qc3 Qb5 40. Ne5 Be8 41. Qc8 Bxe5 42. Qxe6+ Bf7 43. Qxe5 Qxb2 44. Qxg5+ Kf8 45. Qd8+ Kg7 46. Qe7 b5 47. Qb4 Qxb4 48. axb4 Bg6 49. Nc3 a3 50. Ke2 Bb1 51. Kd2 a2 52. Nxa2 Bxa2 53. Ke2 Kf6 54. Kf3 Kf5 55. h3 Bb1 56. Kf2 Ke4 57. Ke2 Bc2 58. Kd2 Bd3 59. g4 h4 60. g5 Bf1 61. g6 Bxh3 62. Ke2 Be6 63. Kf2 Kf5 64. g7 Kf6 0-1

[Event "Puchong FF03 IM"]
[Site "Puchong"]
[Date "2018.03.05"]
[Round "6"]
[White "Wynn, Zaw Htung"]
[Black "Ahmad Nazari, Emir Rusyaidi"]
[Result "1-0"]
[WhiteElo "2443"]
[BlackElo "1990"]
[PlyCount "55"]
[EventDate "2018.03.03"]
[EventType "tourn"]
[EventRounds "9"]
[EventCountry "MAS"]
[EventCategory "1"]
[SourceTitle "CBM 183 Extra"]
[Source "ChessBase"]
[SourceDate "2018.04.19"]
[SourceVersion "1"]
[SourceVersionDate "2018.04.19"]
[SourceQuality "1"]

1. Nf3 Nf6 2. g3 g6 3. Bg2 Bg7 4. 0-0 0-0 5. d3 d5 6. Nbd2 c5 7. e4 Nc6 8. Re1 Bg4 9. h3 Bxf3 10. Qxf3 Nd4 11. Qd1 dxe4 12. dxe4 e5 13. c3 Nc6 14. Qb3 Qc7 15. Nc4 Rad8 16. Be3 b6 17. a4 Rb8 18. Qb5 Rfd8 19. Red1 Rxd1+ 20. Rxd1 Rd8 21. Rxd8+ Nxd8 22. a5 Nd7 23. h4 Qc6 24. Qxc6 Nxc6 25. Bh3 Ncb8 26. axb6 axb6 27. Kf1 Kf8 28. Nxb6 1-0

[Event "Puchong FF03 IM"]
[Site "Puchong"]
[Date "2018.03.03"]
[Round "1"]
[White "Dushyant, Sharma"]
[Black "Wynn, Zaw Htung"]
[Result "0-1"]
[WhiteElo "2261"]
[BlackElo "2443"]
[PlyCount "66"]
[EventDate "2018.03.03"]
[EventType "tourn"]
[EventRounds "9"]
[EventCountry "MAS"]
[EventCategory "1"]
[SourceTitle "CBM 183 Extra"]
[Source "ChessBase"]
[SourceDate "2018.04.19"]
[SourceVersion "1"]
[SourceVersionDate "2018.04.19"]
[SourceQuality "1"]

1. e4 c5 2. Nf3 d6 3. d4 cxd4 4. Nxd4 Nf6 5. Nc3 a6 6. h3 e6 7. g4 d5 8. exd5 Nxd5 9. Nde2 Bb4 10. Bg2 Nc6 11. 0-0 Nxc3 12. Bxc6+ bxc6 13. Qxd8+ Kxd8 14. bxc3 Bd6 15. Be3 Kc7 16. Rfd1 c5 17. Rab1 h5 18. Ng3 hxg4 19. hxg4 Rh4 20. Bg5 Rxg4 21. Bd8+ Kxd8 22. Rxd6+ Kc7 23. Rbd1 Rb8 24. Kf1 Rb2 25. R6d2 Rxa2 26. Ne2 Rga4 27. f3 Ra1 28. Rxa1 Rxa1+ 29. Kf2 a5 30. Nf4 a4 31. Nd3 a3 32. Nxc5 a2 33. Nb3 Rb1 0-1

[Event "Puchong FF01 IM"]
[Site "Puchong"]
[Date "2018.02.04"]
[Round "3"]
[White "Wynn, Zaw Htung"]
[Black "Lioe, Dede"]
[Result "0-1"]
[WhiteElo "2455"]
[BlackElo "2334"]
[PlyCount "66"]
[EventDate "2018.02.03"]
[EventType "tourn"]
[EventRounds "9"]
[EventCountry "MAS"]
[EventCategory "2"]
[SourceTitle "CBM 182 Extra"]
[Source "ChessBase"]
[SourceDate "2018.02.23"]
[SourceVersion "1"]
[SourceVersionDate "2018.02.23"]
[SourceQuality "1"]

1. Nf3 Nf6 2. g3 g6 3. Bg2 Bg7 4. 0-0 0-0 5. d3 c5 6. e4 Nc6 7. Re1 d6 8. c3 e5 9. a3 a5 10. a4 h6 11. h3 Ne8 12. Na3 Kh7 13. Nc2 f5 14. exf5 gxf5 15. Nh4 Ne7 16. f4 Ra6 17. Qf3 Bf6 18. fxe5 dxe5 19. Qe3 Bxh4 20. gxh4 f4 21. Qxe5 Ng6 22. Qxc5 f3 23. h5 f2+ 24. Kh2 fxe1Q 25. hxg6+ Rxg6 26. Nxe1 Nd6 27. Qd4 Rgf6 28. Qh4 Qc7 29. Kg1 Qg7 30. Kh2 Rf2 31. Be3 Re2 32. Bd4 Qg6 33. Kh1 Nf5 0-1